000 00423nam a22001697a 4500
003 OSt
008 250403b |||||||| |||| 00| 0 eng d
020 _a9789355735744
082 _a651.7 BUW
100 _aBUTTERFIELD, Jeff
245 _aWritten Communication: Soft Skills for a Digital Workplace
250 _a3rd ed.
260 _aIndia,
_bCengage,
_c2024
300 _a120 p.
650 _aEnglish
942 _2ddc
_cBK
999 _c13301
_d13301